000
00451nam a2200181Ia 4500
008
100917s9999 xx 000 0 und d
082
_b
63664
100
_a
देवधर ज्योत्स्ना
245
_a
गजगे
260
_b
शकुन प्रकाशन
_c
1983
300
_a
174
365
_b
25
520
_a
कथा
630
_a
गजगे
650
_a
कथा
730
_a
गजगे
942
_c
BOOK
999
_c
669058
_d
669055